[Event "Oslo Sveins op 10th"]
[Site "Oslo"]
[Date "2017.06.27"]
[Round "9"]
[White "Omtvedt, Per"]
[Black "Sundsbo, Sigve"]
[Result "1/2-1/2"]
[WhiteElo "1934"]
[BlackElo "1796"]
[PlyCount "72"]
[EventDate "2017.06.23"]
[EventType "swiss"]
[EventRounds "9"]
[EventCountry "NOR"]
[SourceTitle "CBM 179 Extra"]
[Source "ChessBase"]
[SourceDate "2017.08.23"]
[SourceVersion "1"]
[SourceVersionDate "2017.08.23"]
[SourceQuality "1"]

1. e4 e6 2. d4 d5 3. Nd2 c5 4. exd5 Qxd5 5. Ngf3 cxd4 6. Bc4 Qd6 7. 0-0 Nf6 8. Nb3 Nc6 9. Nbxd4 Nxd4 10. Nxd4 a6 11. a4 Bd7 12. c3 Qc7 13. Qe2 Bd6 14. f4 0-0 15. Bd3 Bc5 16. Be3 Nd5 17. Be4 Nxe3 18. Qxe3 Bc6 19. Rfd1 Rfd8 20. Kh1 Bxd4 21. Rxd4 Bxe4 22. Rxe4 h6 23. Re1 Rd7 24. Qf3 Rad8 25. f5 exf5 26. Qxf5 Rd1 27. Qf3 Rxe1+ 28. Rxe1 Rd2 29. b4 Qd7 30. h3 Rd3 31. Qe4 Rd1 32. Rxd1 Qxd1+ 33. Kh2 Qd7 34. Kh1 Qd1+ 35. Kh2 Qd6+ 36. Kh1 Qd1+ 1/2-1/2

[Event "Oslo Sveins op 10th"]
[Site "Oslo"]
[Date "2017.06.27"]
[Round "8"]
[White "Sundsbo, Sigve"]
[Black "Skaslien, Ingrid"]
[Result "1/2-1/2"]
[WhiteElo "1796"]
[BlackElo "1773"]
[PlyCount "97"]
[EventDate "2017.06.23"]
[EventType "swiss"]
[EventRounds "9"]
[EventCountry "NOR"]
[SourceTitle "CBM 179 Extra"]
[Source "ChessBase"]
[SourceDate "2017.08.23"]
[SourceVersion "1"]
[SourceVersionDate "2017.08.23"]
[SourceQuality "1"]

1. d4 Nf6 2. c4 e6 3. Nc3 Bb4 4. Qc2 c5 5. dxc5 Bxc5 6. e3 0-0 7. Nf3 Nc6 8. Be2 b6 9. 0-0 a6 10. a3 Qc7 11. b4 Be7 12. Bb2 Bb7 13. Qb3 d6 14. Rfd1 Rfd8 15. Rac1 Rac8 16. Rd2 Ng4 17. Nb5 Bf6 18. Bxf6 Nxf6 19. Rdc2 Ne4 20. Nc3 Ne7 21. Nxe4 Bxe4 22. Rc3 Qb7 23. Ne1 Rc7 24. Bf3 Rdc8 25. Bxe4 Qxe4 26. Nd3 Qb7 27. Qc2 Nd5 28. Rb3 Nf6 29. Nb2 Qa7 30. Qd3 Rc6 31. Rbc3 Nd7 32. Qd4 Qc7 33. Kf1 Qd8 34. Na4 Qf6 35. Qxf6 gxf6 36. Nb2 b5 37. Ke2 Ne5 38. c5 dxc5 39. bxc5 a5 40. Nd3 b4 41. Nxe5 fxe5 42. axb4 axb4 43. Rb3 Rxc5 44. Rxc5 Rxc5 45. Rxb4 Rc2+ 46. Kf3 Kg7 47. e4 Rc3+ 48. Ke2 Rc2+ 49. Kf3 1/2-1/2

[Event "Oslo Sveins op 10th"]
[Site "Oslo"]
[Date "2017.06.25"]
[Round "4"]
[White "Sundsbo, Sigve"]
[Black "Landsverk, Ida"]
[Result "1-0"]
[WhiteElo "1796"]
[BlackElo "1415"]
[PlyCount "87"]
[EventDate "2017.06.23"]
[EventType "swiss"]
[EventRounds "9"]
[EventCountry "NOR"]
[SourceTitle "CBM 179 Extra"]
[Source "ChessBase"]
[SourceDate "2017.08.23"]
[SourceVersion "1"]
[SourceVersionDate "2017.08.23"]
[SourceQuality "1"]

1. d4 Nf6 2. c4 c5 3. d5 b5 4. cxb5 a6 5. bxa6 Bxa6 6. Nc3 g6 7. e4 Bxf1 8. Kxf1 d6 9. g3 Bg7 10. Kg2 0-0 11. h3 Nfd7 12. Nf3 Qa5 13. Bg5 Re8 14. Qc2 Nb6 15. Nd2 N8d7 16. Rhc1 h6 17. Be3 Reb8 18. b3 Qa6 19. a4 c4 20. b4 Ne5 21. a5 Nd3 22. axb6 Qxa1 23. Rxa1 Rxa1 24. Kh2 Rc1 25. Qa4 Bxc3 26. Qa7 Re8 27. Nf3 Ra1 28. Qd7 Raa8 29. b7 Rad8 30. Qc7 Nc5 31. Bxc5 dxc5 32. Qxc5 Bf6 33. e5 Bg5 34. h4 Bc1 35. Qxc4 Bb2 36. Qc6 Kg7 37. Kg2 Ba3 38. Qc3 Rb8 39. Qxa3 Rxb7 40. Nd4 f6 41. exf6+ exf6 42. b5 Re1 43. d6 Rd1 44. Qc5 1-0

[Event "Oslo op"]
[Site "Fornebu"]
[Date "2016.09.30"]
[Round "1"]
[White "Sundsbo, Sigve"]
[Black "Hansen, Torbjorn Ringdal"]
[Result "0-1"]
[WhiteElo "1788"]
[BlackElo "2457"]
[PlyCount "86"]
[EventDate "2016.09.30"]
[EventType "swiss"]
[EventRounds "9"]
[EventCountry "NOR"]
[SourceTitle "EXT 2018"]
[Source "ChessBase"]
[SourceDate "2017.10.13"]
[SourceVersion "1"]
[SourceVersionDate "2017.10.13"]
[SourceQuality "1"]

1. d4 Nf6 2. c4 e6 3. Nc3 Bb4 4. Qc2 d5 5. a3 Bxc3+ 6. Qxc3 c5 7. dxc5 d4 8. Qc2 e5 9. Bg5 h6 10. Bh4 Nc6 11. 0-0-0 Qe7 12. Nf3 Qxc5 13. Nd2 g5 14. Bg3 Be6 15. Kb1 a5 16. Rc1 h5 17. f3 a4 18. Bf2 Ke7 19. g3 Rhc8 20. h4 g4 21. fxg4 Bxg4 22. Bh3 Qd6 23. Bxg4 Nxg4 24. Rhf1 Na5 25. Qf5 Qg6 26. Qxg6 fxg6 27. Bg1 Ra6 28. Rf3 Rac6 29. Rcf1 Nxc4 30. Nxc4 Rxc4 31. Rf7+ Ke6 32. Rxb7 Rc2 33. Rb6+ Kd5 34. Re1 Ke4 35. Rb4 R8c4 36. Rxc4 Rxc4 37. Ka2 Rc6 38. Kb1 Rb6 39. Kc1 Rb3 40. Kc2 Rxg3 41. Kd2 Kd5 42. Rf1 e4 43. Rc1 Rg2 0-1

[Event "Oslo Sveins op 9th"]
[Site "Oslo"]
[Date "2016.06.24"]
[Round "5"]
[White "Merkesvik, Amalie Isabel"]
[Black "Sundsbo, Sigve"]
[Result "1/2-1/2"]
[WhiteElo "1584"]
[BlackElo "1745"]
[PlyCount "53"]
[EventDate "2016.06.24"]
[EventType "swiss"]
[EventRounds "9"]
[EventCountry "NOR"]
[SourceTitle "CBM 173 Extra"]
[Source "ChessBase"]
[SourceDate "2016.08.29"]
[SourceVersion "1"]
[SourceVersionDate "2016.08.29"]
[SourceQuality "1"]

1. e4 e6 2. d4 d5 3. exd5 exd5 4. Bd3 Bd6 5. Nf3 Bg4 6. Nbd2 Nc6 7. c3 Nge7 8. 0-0 Qd7 9. a4 0-0-0 10. Re1 Ng6 11. Nf1 Rde8 12. Ne3 Nf4 13. Nxg4 Qxg4 14. Bxf4 Bxf4 15. Qc2 g6 16. Re2 h5 17. Rae1 Rxe2 18. Qxe2 h4 19. h3 Qd7 20. Bb5 Bd6 21. Bxc6 Qxc6 22. Ne5 Bxe5 23. Qxe5 Rd8 24. Qe7 Qd7 25. Qxh4 Qxa4 26. Qe7 Qd7 27. f4 1/2-1/2

[Event "Oslo Sveins op 9th"]
[Site "Oslo"]
[Date "2016.06.24"]
[Round "8"]
[White "Sundsbo, Sigve"]
[Black "Kvendseth, Cornelius"]
[Result "1/2-1/2"]
[WhiteElo "1745"]
[BlackElo "1940"]
[PlyCount "54"]
[EventDate "2016.06.24"]
[EventType "swiss"]
[EventRounds "9"]
[EventCountry "NOR"]
[SourceTitle "CBM 173 Extra"]
[Source "ChessBase"]
[SourceDate "2016.08.29"]
[SourceVersion "1"]
[SourceVersionDate "2016.08.29"]
[SourceQuality "1"]

1. d4 d5 2. c4 e6 3. Nc3 Be7 4. cxd5 exd5 5. Bf4 c6 6. e3 Bf5 7. Bd3 Bxd3 8. Qxd3 Nd7 9. Nf3 Ngf6 10. 0-0 0-0 11. h3 h6 12. Ne5 Nxe5 13. Bxe5 Re8 14. Rab1 Qb6 15. Rfc1 Rac8 16. a3 Red8 17. Na4 Qb5 18. Qxb5 cxb5 19. Bxf6 Rxc1+ 20. Rxc1 Bxf6 21. Nc5 Rc8 22. b4 b6 23. Nd3 Rc4 24. Kf1 Be7 25. Ke1 a5 26. Kd1 axb4 27. axb4 Bd6 1/2-1/2

[Event "NOR-ch U16-A"]
[Site "Oslo"]
[Date "2015.07.11"]
[Round "9"]
[White "Lindbol, Aleksander"]
[Black "Sundsbo, Sigve"]
[Result "1/2-1/2"]
[WhiteElo "1618"]
[BlackElo "1550"]
[PlyCount "98"]
[EventDate "2015.07.04"]
[EventType "swiss"]
[EventRounds "9"]
[EventCountry "NOR"]
[SourceTitle "EXT 2017"]
[Source "ChessBase"]
[SourceDate "2016.10.25"]
[SourceVersion "1"]
[SourceVersionDate "2016.10.25"]
[SourceQuality "1"]

1. Nf3 Nf6 2. c4 e6 3. d4 b6 4. Nc3 Bb4 5. Bg5 Bb7 6. e3 0-0 7. Be2 d6 8. 0-0 Nbd7 9. Nd2 Rc8 10. Qc2 h6 11. Bh4 Qe7 12. Nde4 Bxc3 13. Nxf6+ Nxf6 14. Qxc3 Rfe8 15. Bd3 c5 16. dxc5 Rxc5 17. b4 Rc7 18. Bxf6 Qxf6 19. Qxf6 gxf6 20. Rfc1 Rec8 21. Rc2 Kf8 22. f3 Ke7 23. Kf2 Kd7 24. Ke2 Rg8 25. Kf2 Rgc8 26. Rac1 Ba6 27. b5 Bb7 28. e4 Ke7 29. a4 a5 30. g4 Rh8 31. h4 Rcc8 32. Kg3 Rcg8 33. Rd2 Rg7 34. Rcd1 Rd8 35. Bc2 Rgg8 36. f4 Bc8 37. f5 e5 38. Kf3 Bb7 39. Bb3 Bc8 40. Rg1 Rg7 41. Rgd1 Rgg8 42. c5 dxc5 43. Rxd8 Rxd8 44. Rxd8 Kxd8 45. Bxf7 Ke7 46. Bd5 Bd7 47. Ke3 Be8 48. h5 Bf7 49. Bxf7 Kxf7 1/2-1/2

[Event "NOR-ch U16-A"]
[Site "Oslo"]
[Date "2015.07.08"]
[Round "6"]
[White "Heier, Odin Nikolai"]
[Black "Sundsbo, Sigve"]
[Result "1-0"]
[WhiteElo "1707"]
[BlackElo "1550"]
[PlyCount "63"]
[EventDate "2015.07.04"]
[EventType "swiss"]
[EventRounds "9"]
[EventCountry "NOR"]
[SourceTitle "EXT 2017"]
[Source "ChessBase"]
[SourceDate "2016.10.25"]
[SourceVersion "1"]
[SourceVersionDate "2016.10.25"]
[SourceQuality "1"]

1. e4 e6 2. d4 d5 3. Nc3 Bb4 4. e5 c5 5. a3 Bxc3+ 6. bxc3 Qa5 7. Bd2 Qa4 8. Qb1 c4 9. f4 Nc6 10. Nf3 Nge7 11. Be2 Bd7 12. 0-0 h6 13. Kh1 0-0-0 14. Ng1 Rdf8 15. Nh3 f6 16. Qb2 Be8 17. Bg4 f5 18. Be2 Kc7 19. Rfb1 b6 20. Nf2 Bd7 21. Nd1 Rb8 22. Qc1 b5 23. Nb2 Qa5 24. a4 b4 25. cxb4 Nxb4 26. Nd1 Nec6 27. Nc3 a6 28. Na2 Nxd4 29. Bd1 Ndc6 30. Qa3 Qc5 31. Nxb4 Nxb4 32. Bxb4 1-0

[Event "Oslo Sveins op 8th"]
[Site "Oslo"]
[Date "2015.06.23"]
[Round "9"]
[White "Sundsbo, Sigve"]
[Black "Gronn, Atle"]
[Result "0-1"]
[WhiteElo "1720"]
[BlackElo "2342"]
[PlyCount "60"]
[EventDate "2015.06.19"]
[EventType "swiss"]
[EventRounds "9"]
[EventCountry "NOR"]
[SourceTitle "CBM 167 Extra"]
[Source "ChessBase"]
[SourceDate "2015.09.14"]
[SourceVersion "1"]
[SourceVersionDate "2015.09.14"]
[SourceQuality "1"]

1. d4 g6 2. c4 Bg7 3. Nc3 c5 4. d5 Bxc3+ 5. bxc3 f5 6. Nf3 Qa5 7. Bd2 Nf6 8. e3 d6 9. Bd3 Nbd7 10. Qc2 Nb6 11. 0-0 Bd7 12. Rab1 Qa6 13. e4 Ba4 14. Rb3 fxe4 15. Bxe4 Qxc4 16. Bxg6+ hxg6 17. Qxg6+ Kd7 18. Bg5 Qe4 19. Qf7 Qxd5 20. Qxd5 Nfxd5 21. Rb2 e5 22. c4 Nb4 23. a3 Nxc4 24. Re2 Nc2 25. Bc1 b5 26. h4 Rag8 27. g3 Nd4 28. Nxd4 cxd4 29. Kh2 d3 30. Ra2 Bb3 0-1

[Event "Oslo Sveins op 8th"]
[Site "Oslo"]
[Date "2015.06.20"]
[Round "3"]
[White "Sundsbo, Sigve"]
[Black "Mellem, Nicolas Axel"]
[Result "0-1"]
[WhiteElo "1720"]
[BlackElo "2143"]
[PlyCount "74"]
[EventDate "2015.06.19"]
[EventType "swiss"]
[EventRounds "9"]
[EventCountry "NOR"]
[SourceTitle "CBM 167 Extra"]
[Source "ChessBase"]
[SourceDate "2015.09.14"]
[SourceVersion "1"]
[SourceVersionDate "2015.09.14"]
[SourceQuality "1"]

1. d4 d5 2. c4 c6 3. Nf3 Nf6 4. Nc3 dxc4 5. a4 Bf5 6. e3 e6 7. Bxc4 Bb4 8. 0-0 0-0 9. Qe2 Bg6 10. Rd1 Nbd7 11. Bd2 Qa5 12. Bd3 Bxd3 13. Qxd3 Rad8 14. Ne2 e5 15. Bxb4 Qxb4 16. Qc3 Qxc3 17. Nxc3 exd4 18. Rxd4 Nc5 19. Rad1 Ne6 20. R4d2 Rxd2 21. Rxd2 Rd8 22. Rxd8+ Nxd8 23. Kf1 Kf8 24. Ke2 Ke7 25. Nd4 Ne6 26. h3 Nxd4+ 27. exd4 Kd6 28. Kd3 a5 29. b3 b6 30. Ne4+ Nxe4 31. Kxe4 f5+ 32. Ke3 Kd5 33. f4 g6 34. Kd3 b5 35. Kc3 Ke4 36. g3 h6 37. axb5 cxb5 0-1

[Event "Oslo Sveins op 7th"]
[Site "Oslo"]
[Date "2014.06.20"]
[Round "9"]
[White "Poulsen, Iver"]
[Black "Sundsbo, Sigve"]
[Result "1-0"]
[WhiteElo "2112"]
[BlackElo "1666"]
[PlyCount "51"]
[EventDate "2014.06.20"]
[EventType "swiss"]
[EventRounds "9"]
[EventCountry "NOR"]
[SourceTitle "EXT 2015"]
[Source "ChessBase"]
[SourceDate "2014.11.20"]
[SourceVersion "1"]
[SourceVersionDate "2014.11.20"]
[SourceQuality "1"]

1. e4 e6 2. d4 d5 3. Nc3 Bb4 4. e5 c5 5. Qg4 g6 6. Bd2 Nc6 7. a3 Bxc3 8. bxc3 Qb6 9. Nf3 Nge7 10. Bd3 Bd7 11. 0-0 c4 12. Rfb1 Qc7 13. Bf1 h6 14. Qf4 0-0-0 15. h4 Rdf8 16. g3 Be8 17. Bh3 Kb8 18. Kg2 Ka8 19. a4 a6 20. Bc1 Qa5 21. Qd2 Bd7 22. Ba3 Rb8 23. Bd6 Rbe8 24. Bc5 Nf5 25. Bb6 Nfxd4 26. Bxa5 1-0

[Event "Fagernes Norsk op-B"]
[Site "Fagernes"]
[Date "2014.04.13"]
[Round "9"]
[White "Sundsbo, Sigve"]
[Black "Ayzenberg, Alena"]
[Result "1-0"]
[WhiteElo "1663"]
[BlackElo "1929"]
[PlyCount "89"]
[EventDate "2014.04.13"]
[EventType "swiss"]
[EventRounds "9"]
[EventCountry "NOR"]
[SourceTitle "EXT 2016"]
[Source "ChessBase"]
[SourceDate "2015.10.08"]
[SourceVersion "1"]
[SourceVersionDate "2015.10.08"]
[SourceQuality "1"]

1. d4 f5 2. g3 Nf6 3. Bg2 g6 4. c3 Bg7 5. Nd2 d6 6. e4 c6 7. Qe2 0-0 8. Ngf3 Be6 9. 0-0 fxe4 10. Nxe4 Nxe4 11. Qxe4 Bd5 12. Qe2 b5 13. Re1 Nd7 14. Ng5 Bxg2 15. Kxg2 e5 16. Ne6 Qf6 17. Nxf8 Rxf8 18. Be3 e4 19. Rf1 Qf3+ 20. Qxf3 Rxf3 21. Rfe1 d5 22. Rad1 Nb6 23. b3 Bf8 24. Bd2 c5 25. dxc5 Bxc5 26. Be3 Bxe3 27. Rxe3 Rxe3 28. fxe3 Kf7 29. g4 a5 30. g5 a4 31. Kg3 Ke6 32. h4 Nd7 33. bxa4 bxa4 34. Rd4 Nc5 35. c4 dxc4 36. Rxc4 Kd5 37. Rd4+ Ke5 38. Kg4 a3 39. Rc4 Kd5 40. Rc3 Nd3 41. Rxa3 Ne1 42. Ra5+ Kc4 43. Kf4 Ng2+ 44. Kxe4 Nxh4 45. Ra7 1-0

[Event "Fagernes Norsk op-B"]
[Site "Fagernes"]
[Date "2014.04.13"]
[Round "8"]
[White "Sundsbo, Sigve"]
[Black "Lien, Johan"]
[Result "1-0"]
[WhiteElo "1663"]
[BlackElo "1410"]
[PlyCount "47"]
[EventDate "2014.04.13"]
[EventType "swiss"]
[EventRounds "9"]
[EventCountry "NOR"]
[SourceTitle "EXT 2016"]
[Source "ChessBase"]
[SourceDate "2015.10.08"]
[SourceVersion "1"]
[SourceVersionDate "2015.10.08"]
[SourceQuality "1"]

1. d4 Nf6 2. c4 e6 3. Nc3 Bb4 4. Qc2 b6 5. e4 Bb7 6. Bd3 d5 7. cxd5 Bxc3+ 8. bxc3 exd5 9. e5 Ne4 10. f3 Ng5 11. Ne2 g6 12. Ng3 Nd7 13. f4 Ne6 14. f5 gxf5 15. Nxf5 Rg8 16. 0-0 Ng5 17. Kh1 Nc5 18. dxc5 a6 19. cxb6 cxb6 20. Nd6+ Qxd6 21. exd6 Nh3 22. Qe2+ Kf8 23. Qe7+ Kg7 24. Rxf7+ 1-0

[Event "NOR-ch U14"]
[Site "Hamar"]
[Date "2013.11.16"]
[Round "5"]
[White "Sundsbo, Sigve"]
[Black "Gleine, Gustav Angell"]
[Result "1-0"]
[WhiteElo "1498"]
[BlackElo "874"]
[PlyCount "47"]
[EventDate "2013.11.15"]
[EventType "swiss"]
[EventRounds "7"]
[EventCountry "NOR"]
[SourceTitle "EXT 2024"]
[Source "ChessBase"]
[SourceDate "2023.10.10"]
[SourceVersion "1"]
[SourceVersionDate "2023.10.10"]
[SourceQuality "1"]

1. d4 Nf6 2. c4 e6 3. Nc3 Bb4 4. Qc2 c5 5. dxc5 Qa5 6. Bd2 Qxc5 7. e3 d5 8. a3 Bxc3 9. Bxc3 Ne4 10. Bxg7 Rg8 11. Bd4 Qa5+ 12. b4 Qc7 13. f3 Nd6 14. Qxh7 Rf8 15. Bg7 f5 16. c5 Nc4 17. Bxc4 dxc4 18. Rd1 Nc6 19. Qh5+ Rf7 20. Nh3 Bd7 21. Ng5 Ne5 22. Bxe5 Qxe5 23. Qxf7+ Kd8 24. Qxd7# 1-0

[Event "NOR-ch U12"]
[Site "Lillehammer"]
[Date "2013.06.29"]
[Round "8"]
[White "Sundsbo, Sigve"]
[Black "Jarve, Edvin"]
[Result "1-0"]
[WhiteElo "1501"]
[BlackElo "1443"]
[PlyCount "29"]
[EventDate "2013.06.29"]
[EventType "swiss"]
[EventRounds "9"]
[EventCountry "NOR"]
[SourceTitle "EXT 2017"]
[Source "ChessBase"]
[SourceDate "2016.10.25"]
[SourceVersion "1"]
[SourceVersionDate "2016.10.25"]
[SourceQuality "1"]

1. d4 Nf6 2. c4 g6 3. Nc3 Bg7 4. e4 d6 5. f3 0-0 6. Be3 Nbd7 7. Bd3 c6 8. Nge2 Qc7 9. Qd2 e5 10. d5 cxd5 11. cxd5 Nb6 12. Nb5 Qd8 13. Rc1 Ne8 14. Qb4 a5 15. Qb3 1-0